000 00695nam a2200289Ia 4500
005 20260324134410.0
008 008 260324s9999 xx 000 0 eng d
020 _a9781315023434
037 _aEBOOK
040 _aCRL
040 _beng
040 _cCRL
041 _2eng
041 _aeng
084 _qCRL
100 _aRichard Falk; Lester Ruiz; R.B.J. Walker
_91196664
245 0 _aReframing the International
245 0 _bLaw, Culture, Politics
260 _bTaylor and Francis
260 _c2002
365 _a
365 _b290
856 _uhttp://www.taylorfrancis.com/books/9781315023434
942 _cEBOOK
999 _c1796729
_d1796729